MARC details
| 000 -CABECERA |
| campo de control de longitud fija |
01047nam a2200241 u 4500 |
| 005 - FECHA Y HORA DE LA ÚLTIMA TRANSACCIÓN |
| campo de control |
20230606155038.0 |
| 008 - ELEMENTOS DE LONGITUD FIJA--INFORMACIÓN GENERAL |
| campo de control de longitud fija |
190405s2017 r 000 0 eng d |
| 020 ## - NÚMERO INTERNACIONAL NORMALIZADO PARA LIBROS |
| Número Internacional Estándar del Libro |
9786070297144 |
| 035 ## - NÚMERO DE CONTROL DEL SISTEMA |
| Número de control de sistema |
UPN01000230161 |
| 049 ## - COLECCIÓN |
| Colección |
CG |
| 050 #4 - SIGNATURA TOPOGRÁFICA DE LA BIBLIOTECA DEL CONGRESO |
| Número de clasificación |
RC451 M6 |
| Número de documento/Ítem |
P3.2 |
| 245 04 - MENCIÓN DE TÍTULO |
| Título |
Los pacientes del manicomio : |
| Resto del título |
la Castañeda y sus diagnósticos : una historia de la clínica psiquiátrica en México 1910-1968 / |
| Mención de responsabilidad, etc. |
coord. Andrés Ríos Molina ; Alejandro Giraldo Granada ... [et al]. |
| 260 ## - PUBLICACIÓN, DISTRIBUCIÓN, ETC. |
| Lugar de publicación, distribución, etc. |
México : |
| Nombre del editor, distribuidor, etc. |
UNAM : |
| -- |
Instituto de Investigaciones Dr. José María Luis Mora, |
| Fecha de publicación, distribución, etc. |
c2017. |
| 300 ## - DESCRIPCIÓN FÍSICA |
| Extensión |
448 p. : |
| Otras características físicas |
cuadros, gráfs., il. |
| 440 #0 - MENCIÓN DE SERIE/ASIENTO SECUNDARIO--TÍTULO |
| Título |
Historia moderna y contemporánea ; |
| Nombre de parte o sección de la obra |
72 |
| 610 24 - ASIENTO SECUNDARIO DE MATERIA - NOMBRE CORPORATIVO |
| Nombre de entidad corporativa o nombre de jurisdicción como elemento de entrada |
Manicomio General La Castañeda (Ciudad de México) |
| Subdivisión general |
Historia |
| Subdivisión cronológica |
Siglo XX |
| 9 (RLIN) |
27678 |
| 650 #4 - ASIENTO SECUNDARIO DE MATERIA - TERMINO TEMATICO |
| Término de materia o nombre geográfico como elemento de entrada |
HOSPITALES PSIQUIATRICOS - |
| Subdivisión geográfica |
MEXICO |
| 9 (RLIN) |
19330 |
| 650 #4 - ASIENTO SECUNDARIO DE MATERIA - TERMINO TEMATICO |
| Término de materia o nombre geográfico como elemento de entrada |
PSIQUIATRIA - |
| Subdivisión general |
CASOS, INFORMES CLINICOS, ESTADISTICA |
| 9 (RLIN) |
8372 |
| 700 1# - ASIENTO SECUNDARIO--NOMBRE DE PERSONAL |
| Nombre de persona |
Ríos Molina, Andrés, |
| Término indicativo de función/relación |
coord. |
| 700 1# - ASIENTO SECUNDARIO--NOMBRE DE PERSONAL |
| Nombre de persona |
Giraldo Granada, Alejandro, |
| Término indicativo de función/relación |
coaut. |
| 905 ## - TIPO DE MATERIAL |
| Tipo de material |
Libro |